Costa Rica en la lucha contra una transnacional, ¿acumula el movimiento social para derrotar el TLC? /

Αποθηκεύτηκε σε:
Λεπτομέρειες βιβλιογραφικής εγγραφής
Κύριος συγγραφέας: Grau Crespo, Ariane
Μορφή: Κείμενο
Ετικέτες: Προσθήκη ετικέτας
Δεν υπάρχουν, Καταχωρήστε ετικέτα πρώτοι!

MARC

LEADER 00000 a a2200000 04500
001 11017
003
040
100 |a Grau Crespo, Ariane  
245 |a Costa Rica en la lucha contra una transnacional, ¿acumula el movimiento social para derrotar el TLC? /  |c Ariane Grau Crespo  
264 |a Asociación Servicios de Promoción Laboral Centroamericana (Costa Rica)  
773 |g volumen 5, número 14; páginas 197-205  
999 |c 20468  |d 20468